00653nam a2200169 a 450000100100000000500170001000800410002704000250006808200160009311000920010924500790020126000370028030000260031704900090034395201140035299900170046600003215220200930063456.0110713s1991 dr a 000 0 spa d aDO-SdBNPbspacBNPHU axxxxbR426r1 aRepública Dominicana.bInstituto Nacional de Formación Técnico Profesional95436210aRama técnica :bmaderas y afines familia ocupacional: muebles de madera. aSanto Domingo :bINFOTEP,c1991. a9 p. :bil. ;c20 cm. aBNPD 0010718PDaPDbPDcCTd2011-07-13iLF1l0oxxxx R426rp32152-10r2020-06-25w2020-06-25yLFPDZNo se presta c31643d31643